| 000 | 01629nab a2200265 a 4500 | ||
|---|---|---|---|
| 005 | 20250513114214.0 | ||
| 007 | ta | ||
| 008 | 250210e2017 dr f||p|r||||||0| | spa d | ||
| 022 | _a2221-9765 | ||
| 040 |
_aDO-SdBNP _cDO-SdBNP _erda |
||
| 041 | _hspa | ||
| 100 |
_aOvalles, Rafael _986952 _eautor |
||
| 245 |
_aAmpliamos e innovamos nuestra oferta formativa / _cRafael Ovalles. |
||
| 264 |
_aSanto Domingo, República Dominicana : _bInstituto de Formación Técnico Profesional (INFOTEP), _c2017. |
||
| 300 |
_apágina, 5 : _bilustraciones, fotografías ; _c30.5 cm. |
||
| 310 | _aSemestral. | ||
| 336 |
_atexto _btxt _2rdacontent |
||
| 337 |
_asin mediación _bn _2rdamedia |
||
| 338 |
_avolumen _bnc _2rdacarrier |
||
| 362 | _aEdición 1, 2017. | ||
| 521 | _aTal como nos propusimos a principio de año, hemos logrado grandes avances en el fortalecimiento de los ejes estratégicos de nuestra institución relacionados con la modernización y ampliación de la infraestructura física y la renovación de la oferta para el desarrollo de la formación técnica en el país. Con la inauguración del edificio administrativo de la Gerencia Norte, en Santiago, y del edificio de aulas y talleres en la Gerencia Regional Central, en Santo Domingo, se hace realidad una parte importante de los proyectos concebidos por esta dirección general para llevar al INFOTEP hacia la renovación definitiva. | ||
| 650 | 0 |
_aInnovaciones educativas _vPublicaciones periódicas _zRepública Dominicana _917115 |
|
| 773 | 0 |
_058106 _9320529 _aINFOTEP (Agencia) _o2025-0866 _tRevista Integración Tecnológica / _x2221-9765 |
|
| 942 |
_2ddc _cISSUE |
||
| 999 |
_c58107 _d58107 |
||